000 00993cam a2200313 i 4500
001 000014372
003 DO-SdBNP
005 20260310100554.0
007 ta
008 770914s1965 ve b 000 0 spa d
040 _aDO-SdBNP
_bspa
_cBNPHU
_erda
041 _aspa
049 _aBNGR
082 4 _a320.531
_bB672s
_222
100 1 _aBoersner, Demetrio,
_eautor
_4aut.
_932090
245 1 0 _aSocialismo y nacionalismo /
_cDemetrio Boersner.
260 _c1965.
264 1 _aCaracas :
_bInstituto de Estudios Políticos;
_bUniversidad Central de Venezuela,
_c1965.
300 _a237, [6] páginas ;
_c24 cm.
336 _atexto
_btxt
_2rdacontent
337 _asin mediación
_bn
_2rdamedia
338 _avolumen
_bnc
_2rdacarrier
500 _aIncluye referencias bibliográficas y notas al pie de las páginas
504 _aBibliografía : páginas 229-[238]
650 4 _aSocialismo
_9287
650 4 _aNacionalismo
_910966
910 _aCatalogación derivada
942 _2ddc
_cLBS1
999 _c13964
_d13964